000 01456nam a2200241Ia 4500
003 Ost
005 20260507075255.0
008 260507s9999||||xx |||||||||||||| ||und||
020 _a7597249960
040 _cfsecg
041 _aara
082 _a330
100 _aكليمان، روبرت
_eمؤلف
245 0 _aاتخاذ القرارات الصعبة باستخدام مجموعة نظم برامج أدوات القرار :
_bالكتاب الاول /
_c روبرت كليمان
260 _aالرياض:
_bدار المريخ,
_c2010
300 _a541 صفحة؛
_bإيضاحات ؛
_c24 سم
520 _aمقدمة لتحليل القرار تتناول العثة الغجرية ووزارة الزراعة بولاية أوريجون الامريكية بالتطرق الى لماذا تكون القرارات الصعبة و لماذا يدرس تحليل القرار ... ، 1) نمذجة القرارات : عناصر مشاكل القرارات ، هيكلة القرارات ، عمل الاختيارات ، تحليل الحساسية ، الابداع و هيكلة القرار 2) نمذجة عدم التأكد : أساسيات الاحتمالات ، الاحتمال الشخصي .
653 _aإتخاذ القرار
653 _aالاجراءات الادارية
653 _aالقرارات الادارية
700 _aسرور، سرور علي ابراهيم
_eمؤلف ثانوي
942 _cكتاب
999 _c43724
_d43724